ბათუმის შოთა რუსთაველის სახელმწიფო უნივერსიტეტის ბიბლიოთეკა

ქართველთა ეთნოგენეზისის საკითხი / (ბიბ.ჩანაწერი № 47250)

000 -ლიდერი
ფიქსირებული სიგრძის საკონტროლო ველი 01003nam a2200229Ia 4500
001 - საკონტროლო ნომერი
საკონტროლო ველი 14110
003 - საკონტროლო ნომრის იდენტიფიკატორი
საკონტროლო ველი GE_BSU
005 - ბოლო ოპერაციის თარიღი და დრო
საკონტროლო ველი 20241107122418.0
008 - ფიქსირებული სიგრძის მონაცემთა ელემენტები - ზოგადი ინფორმაცია
ფიქსირებული სიგრძის საკონტროლო ველი 181216s2014||||ge |||||||||||||| ||geo||
020 ## - წიგნის საერთაშორისო სტანდარტული ნომერი
International Standard Book Number 9789941164101
040 ## - კატალოგიზაციის წყარო
Transcribing agency GE_BSU
041 ## - ენის კოდი
Language code of text/sound track or separate title geo
080 ## - უნივერსალური ათობითი კლასიფიკაციის ინდექსი
Universal Decimal Classification number 069(042.4) მ-58
100 ## - მთავარი ჩანაწერი - პიროვნების სახელი
Personal name ყორანაშვილი, გურამ
9 (RLIN) 17659
245 ## - ცნობა სათაურის შესახებ
Title ქართველთა ეთნოგენეზისის საკითხი /
Statement of responsibility, etc გურამ ყორანაშვილი ; რედ. ნათელა თუხარელი.
264 ## - წარმოების, გამოცემის, დისტრიბუციის და სხვა ცნობები
გამოცემის, წარმოების, დისტრიბუციის... ადგილი თბილისი :
გამოცემის, წარმოების, დისტრიბუციის... სახელწოდება საქართველოს მაცნე,
გამოცემის, წარმოების, დისტრიბუციის... თარიღი 2014.
300 ## - ფიზიკური აღწერა
Extent 231 გვ. ;
Dimensions 20 სმ.
500 ## - ზოგადი შენიშვნა
General note დანართი : გვ. 115-229
653 ## - INDEX TERM--UNCONTROLLED
Uncontrolled term ქართველთა ეთნოგენეზისის საკითხი
700 ## - ADDED ENTRY--PERSONAL NAME
Personal name თუხარელი, ნ. (ნათელა)
Relator term რედაქტორი
9 (RLIN) 23642
942 ## - ADDED ENTRY ELEMENTS (KOHA)
Koha item type წიგნი
Source of classification or shelving scheme
ეგზემპლარები
ჩამოწერის სტატუსი დაკარგული ეგზემპლარის სტატუსი კლასიფიკაციის წყარო ან თაროზე გაწყობის სქემა დაზიანების სტატუსი არ გაიცემა მუდმივი მდებარეობა (დაცვის ადგილი) ამჟამინდელი ადგილსამყოფელი თაროზე განთავსების ადგილი შეძენის თარიღი სრული შენახვის შიფრი შტრიხკოდი ბოლო ოპერაციის თარიღი ეგზემპლარის მიმდევრობითი ნომერი (კეტერი?) ფასის ძალაში შესვლის თარიღი ეგზემპლარის სახეობა
          ბათუმის შოთა რუსთაველის სახელმწიფო უნივერსიტეტის მთავარი ბიბლიოთეკა ბათუმის შოთა რუსთაველის სახელმწიფო უნივერსიტეტის მთავარი ბიბლიოთეკა წიგნსაცავი 2018-12-17 069(042.4) მ-58 27403 2018-12-17 27403 2018-12-17 წიგნი